00720nam a2200253 a 45000010010000000030011000100080041000210200009000620350026000710920011000971000020001082450063001282500011001912600038002023000017002405000015002576500013002728560030002859420012003159520096003279900006004239980020004299990017004490001-1222ELIB.Books150529 2010 eng  aKBTS a(ELIB.Books)0001-1377 aJbHut aHutter, Manfred aThe Study and Dialogy of Religions in a Pluralistic World. aVol 6. aMITbJudson Research Centerc2006 a53-64c25 Cm aJ Religion aReligion nKBTS: LibraryuKBTS: Elib 2ddccBK 00102ddc4070aKBTSbKBTSd2015-05-29l0pJ Religionr2022-01-22 00:00:00w2022-01-22yBK a1 cbate2015-05-29 c11222d11222